LEADER 01060nam a2200253 u 4500 001 000000061620 003 CaOOAMICUS 005 20070226121038.0 008 010910s1923 it u000 u ita u 035 $a10902194 040 $aPUL(R)$bita 100 1 $aMariani, E.$0(OLS)http://pul/name/42042 245 13$aLe attuali direttive della politica economica russa /$cE. Mariani. 260 $aRoma :$bLa Poligrafica Nazionale,$c1923. 300 $aviii, 202 p. ;$c25 cm 504 $aBibliografia in nota. 650 4$aEconomia$zUnione Sovietica.$0(OLS)http://pul/subject/10946 651 4$aUnione Sovietica$xPolitica e governo.$0(OLS)http://pul/subject/10508 850 $aPUL 852 $aPUL$W1$xDP1 Cons. Gen., Altre Classi 1$y22$m45 D 75$j80252$nBK-PRI$b $qStampati$B80252$CPULBib$Z2$F80252 $H $81 941 1 $a8 961 $aINV: 62319 996 $6245$aLe attuali direttive della politica economica russa$9(OLS)http://pul/title/82267 996 $6260$aRoma :$bLa Poligrafica Nazionale$9(OLS)http://pul/publisher/70110 LEADER 01495nam a2200349 u 4500 001 000000081287 003 CaOOAMICUS 005 20070226123735.0 008 050317s2004 it f u000 u ita u 020 $a88-215-5135-0 035 $a11035077 040 $aPUL$bita 041 0 $aita$hfre 100 1 $aJardin, Prosper,$d1907-1988.$0(OLS)http://pul/name/54191 240 10$aChevaliers de Malte.$lItaliano.$0(OLS)http://pul/title/106331 245 12$aI cavalieri di Malta /$cProsper Jardin, Philippe Guyard. 260 $aCinisello Balsamo :$bSan Paolo,$c2004. 300 $a366 p., [8] p. di tav. :$bill. ;$c21 cm 504 $aComprende bibliografia. 610 24$aCavalieri di Malta.$0(OLS)http://pul/subject/39371 700 1 $aGuyard, Philippe.$0(OLS)http://pul/name/54192 850 $aPUL 852 $aPUL$W1$xSL Cons. Gen., Altre Classi 3$y75$m929. 71 JARPR 1$j122689$qDDC 21$B121672$CPULBib$Z2$F121672 $H97342 $82 941 1 $a9 960 $aSovrano militare ordine di Malta$939371 960 $aSovrano militare Ordine ospedaliero di San Giovanni di Gerusalemme di Rodi e di Malta $939371 960 $aOrdine dei Cavalieri di S. Giovani di Gerusalemme$939371 960 $aO.S.J.$939371 960 $aOrdine di Malta$939371 996 $6020$a88-215-5135-0$9(OLS)http://pul/number/107661 996 $6245$aI cavalieri di Malta$9(OLS)http://pul/title/106332 996 $6260$aCinisello Balsamo :$bSan Paolo$9(OLS)http://pul/publisher/54577